| 000 | 00519nac a22001691u 4500 | ||
|---|---|---|---|
| 020 | _a0750650885 | ||
| 082 |
_a658.5 _bHAL |
||
| 090 |
_c5300 _d5300 |
||
| 100 | _a20080729 | ||
| 245 |
_aHandbook of production management methods/ _cGideon Halevi |
||
| 260 |
_aOxford: _bButterworth Heinemann,2001 _c2001 |
||
| 300 |
_a313 p.; _c24 cm. |
||
| 500 | _adistributer: Al-Ahram | ||
| 511 | _acatalogued by: wessam | ||
| 650 | _aProduction management | ||
| 942 |
_cBB _k658.5HAL |
||
| 999 |
_c5300 _d5300 |
||